Конституционное право Учебник
Учебник подготовлен на основе ФГОС СПО. Изложение теории конституционного права сопровождается анализом законодательства и судебной практики. Для более глубокого уяснения учебного материала приводятся справочные и статистические данные мнения различных ученых схемы и таблицы рекомендуемая литература...
Guardat en:
| Autor principal: | |
|---|---|
| Format: | Учебник |
| Edició: | 2 |
| Col·lecció: | СПО |
| Accés en línia: | https://znanium.ru/catalog/document?id=457401 https://znanium.ru/cover/2185/2185019.jpg |
| Etiquetes: |
Afegir etiqueta
Sense etiquetes, Sigues el primer a etiquetar aquest registre!
|
| LEADER | 02845nam0a2200349 i 4500 | ||
|---|---|---|---|
| 001 | RU\infra-m\znanium\bibl\2185019 | ||
| 003 | https://znanium.ru/catalog/document?id=457401 | ||
| 005 | 20250219000000.0 | ||
| 010 | |a 978-5-369-01941-2 | ||
| 010 | |a 978-5-16-112364-5 |b электр. издание | ||
| 010 | |a 978-5-16-019275-8 |b ISBN соиздателя | ||
| 100 | |a 20250219d2024 m y0rusy0150 ca | ||
| 101 | 0 | |a rus | |
| 102 | |a RU | ||
| 200 | 1 | |a Конституционное право |e Учебник |f Московский государственный юридический университет им. О.Е. Кутафина | |
| 205 | |a 2 | ||
| 210 | 1 | |a Москва |c Издательский Центр РИОР |d 2024 | |
| 215 | |a 402 с. | ||
| 225 | 1 | |a СПО | |
| 330 | |a Учебник подготовлен на основе ФГОС СПО. Изложение теории конституционного права сопровождается анализом законодательства и судебной практики. Для более глубокого уяснения учебного материала приводятся справочные и статистические данные мнения различных ученых схемы и таблицы рекомендуемая литература. Оригинальное оформление учебника способствует успешному восприятию его содержания. Для студентов учебных заведений реализующих программу среднего профессионального образования. | ||
| 333 | |a Среднее профессиональное образование | ||
| 606 | |a Право. Юридические науки |x Конституционное (государственное) право |2 local | ||
| 608 | |a Учебник |2 local | ||
| 675 | |a 342(075.8) |z rus | ||
| 686 | |a 67.400я73 |2 rubbk | ||
| 686 | |a 00.02.08 |2 okso | ||
| 686 | |a 40.02.04 |2 okso | ||
| 700 | 1 | |a Нарутто |b С.В. |g Светлана Васильевна |p Московский государственный юридический университет им. О.Е. Кутафина | |
| 701 | 1 | |a Таева |b Н. Е. |g Наталья Евгеньевна |p Московский государственный юридический университет им. О.Е. Кутафина | |
| 801 | 0 | |a RU |b Общество с ограниченной ответственностью «ЗНАНИУМ» |c 20241118 |2 rusmarc | |
| 856 | 4 | |a znanium.ru |m ebs_support@infra-m.ru |n НИЦ ИНФРА-М |u https://znanium.ru/catalog/document?id=457401 | |
| 856 | 4 | 1 | |a znanium.ru |d /cover/2185 |f 2185019.jpg |q image/jpeg |u https://znanium.ru/cover/2185/2185019.jpg |